000 00732nam a2200241Ia 4500
003 OSt
005 20220925215317.0
006 a|||||r|||| 00| 0
007 ta
008 220923b |||||||| |||| 00| 0 eng d
037 _cGeneral Book
040 _aRTL
_cRTL
_beng
041 _2eng
_aeng
082 _aU2, M0
100 _aFaniran Adetoye
_9282564
245 0 _aMan's physical environment
_b An intermediate physi
260 _aLondon
_bHeinemann UK
_c1980
300 _axii,404 Bib p. 383-96,Appendix p. 373-77,Glossary p. 378-82
_ccm.
650 _aPhysical Geography
700 _a OjO Oyediran
_994942
942 _hU2, M0
_cGB
_2CC
999 _c568459
_d568459